哪个省份/民族的传统民居?(测试版本2) - Statistics

General Stats
  • This quiz has been taken 15 times
    7 since last reset
  • The average score is 15 of 59
Answer Stats
Picture Answer % Correct
内蒙古-西乌珠穆沁旗脑干宝力格嘎查蒙古族毡房(蒙古包)
100%
江苏-苏州市葑门横街江南民居
67%
安徽-黄山市徽州区呈坎村徽派民居
67%
新疆-喀什市维吾尔族高台民居
67%
贵州-雷山县朗德镇郎德上寨苗族吊脚楼
67%
广东-开平市锦江里瑞石楼(开平碉楼)
67%
福建-龙岩市永定区高北村承启楼(土楼)
67%
新疆-特克斯县琼库什台村哈萨克族毡房
67%
福建-泉州市中山路骑楼
67%
香港-上环苏杭街112号源吉林凉茶店(1880年代唐楼)
67%
北京-东四六条57号院
67%
福建-龙岩市永定区洪坑村振成楼(土楼)
50%
浙江-绍兴市仓桥直街江南民居
50%
江西-龙南市杨村镇燕翼围(客家围屋)
50%
贵州-榕江县大利侗寨侗族四合木楼、风雨桥
50%
北京-内务部街27号院
50%
上海-陕西南路287弄步高里(新式石库门住宅)
50%
西藏-工布江达县错高村藏族闪片房
33%
内蒙古-根河市敖鲁古雅乡鄂温克族撮罗子
33%
江苏-苏州市吴中区杨湾村江南民居
33%
广东-佛山市三水区大旗头村镬耳屋
33%
海南-海口市博爱路骑楼
33%
上海-新闸路613弄12-18号后期旧式石库门住宅(中共中央军委机关旧址)
33%
西藏-拉萨市八廓街阿康巷藏族碉楼
17%
海南-东方市白查村黎族船型屋
17%
福建-南安市漳里村蔡氏古民居(闽南红砖厝)
17%
青海-同仁市郭麻日村郭麻日古堡土族庄廓院(庄窠)
17%
西藏-拉萨市北京东路尧西平康藏式大院
17%
新疆-特克斯县琼库什台村哈萨克族木楞房
17%
四川-石渠县色须部落黑帐篷(藏式毡房)
17%
广东-揭阳市榕城区西岐村潮汕民居
17%
福建-泉州市蟳蜅村蚵壳厝
17%
台湾-台东县兰屿野银部落达悟人地下屋
17%
广西-北海市珠海路骑楼
17%
吉林-吉林市乌拉街镇满族民居
17%
安徽-霍邱县马店镇李氏庄园(皖西北圩寨)
0%
黑龙江-富裕县三家子村满族百年草房
0%
广西-隆林县平流屯壮族干栏式民居(吊脚楼)
0%
台湾-台南县麻豆镇林家八房厝(闽南红砖厝)
0%
青海-化隆县塔加村藏族庄廓(庄窠)
0%
山东-荣成市东楮岛村海草房
0%
新疆-哈巴河县白哈巴村图瓦人小木楞屋
0%
吉林-图们市白龙村朝鲜族木瓦民居
0%
西藏-左贡县军拥村东坝民居
0%
青海-循化县街子镇撒拉族庄廓院(庄窠)
0%
辽宁-凌源市十二官村龙凤沟海青平房
0%
广东-东莞市大西路骑楼
0%
台湾-澎湖县南寮村石墙老屋
0%
新疆-塔什库尔干县其如克同村塔吉克族“蓝盖力”民居“葱岭百年古屋”
0%
福建-平潭县北港村石头厝
0%
青海-循化县孟达大庄村撒拉族篱笆楼
0%
澳门-下环街六屋围(福六里)(围里建筑)
0%
广西-上林县长联村鼓鸣寨壮族夯土民居
0%
吉林-抚松县锦江村满族井干式木屋
0%
广东-广州市小洲村蚝壳屋
0%
安徽-亳州市老子殿街23号张虚谷宅(亳州四合院)
0%
上海-延庆路29弄大福里(新式里弄住宅)
0%
广东-广州市恩宁路十二甫西街芽菜巷42号西关大屋(詹天佑故居纪念馆)
0%
香港-湾仔石水渠街72号至74A号“蓝屋”(1920年代唐楼)
0%
No matching quizzes found
Score Distribution
Percent of People with Each Score
Percentile by Number Answered
Your Score History
You have not taken this quiz since the last reset